书目信息 |
| 题名: |
色彩静物
|
|
| 作者: | 谢青 主编 | |
| 分册: | ||
| 出版信息: | 天津 天津人民美术出版社 2002 |
|
| 页数: | 32页 | |
| 开本: | 29cm | |
| 丛书名: | 走向美院 | |
| 单 册: | ||
| 中图分类: | G634.955 , J21-5 | |
| 科图分类: | ||
| 主题词: | 静物画--色彩--技法(美术)--高中--升学参考资料 , 静物画 , 色彩 , 技法(美术) , 绘画--技法(美术) | |
| 电子资源: | ||
| ISBN: | 7-5305-1662-0 | |
| 000 | 00901oam2 2200301 450 | |
| 001 | 1549215257 | |
| 005 | 20150131134046.87 | |
| 010 | @a7-5305-1662-0@dCNY10.00 | |
| 100 | @a20020226d2002 em y0chiy0110 ea | |
| 101 | 0 | @achi |
| 102 | @aCN@b120000 | |
| 105 | @aa z 000yy | |
| 200 | 1 | @a色彩静物@9se cai jing wu@e学习教材 高考训练 临摹范本@f谢青主编 |
| 210 | @a天津@c天津人民美术出版社@d2002 | |
| 215 | @a32页@d29cm | |
| 225 | 2 | @a走向美院 |
| 330 | @a本书讲述了高考色彩静物画的画法要点,讲解了基础阶段静物绘画技巧的一些概念,并分步骤解析了部分作品。 | |
| 461 | 0 | @12001 @a走向美院 |
| 606 | 0 | @a静物画@x色彩@x技法(美术)@x高中@j升学参考资料 |
| 606 | 0 | @a静物画 |
| 606 | 0 | @a色彩 |
| 606 | 0 | @a技法(美术) |
| 606 | 0 | @a绘画@x技法(美术) |
| 690 | @aG634.955@v5 | |
| 690 | @aJ21-5@v4 | |
| 701 | 0 | @a谢青@9xie qing@4主编 |
| 801 | 0 | @aCN@bTSSF@c20150131 |
| 905 | @aZUCC@dJ21-5@eJY152 | |
| 色彩静物:学习教材 高考训练 临摹范本/谢青主编.-天津:天津人民美术出版社,2002 |
| 32页;29cm.-(走向美院) |
| ISBN 7-5305-1662-0:CNY10.00 |
| 本书讲述了高考色彩静物画的画法要点,讲解了基础阶段静物绘画技巧的一些概念,并分步骤解析了部分作品。 |
| ● |
| 相关链接 |
|
|
|
|
正题名:色彩静物
索取号:J21-5/JY152
 
预约/预借
| 序号 | 登录号 | 条形码 | 馆藏地/架位号 | 状态 | 备注 |
| 1 | 7862270 | 278622705 | 学院路分馆/ [索取号:J21-5/JY152] | 在馆 | |
| 2 | 7862271 | 278622714 | 学院路分馆/ [索取号:J21-5/JY152] | 在馆 |